01090cam a22003014a 4500999001700000001000900017005001700026008004100043010001700084020002700101042000800128050002600136245011600162260004000278300004900318504006000367610003700427650001600464650003300480650003000513650002300543650002000566650001900586650001900605700002200624942001500646952012700661 c24335d243351356633120170128112010.0040421s2004 nyua b 001 0 eng  a 2004009024 a0810955792 (hardcover) apcc00aN7414.8.I75 J475 200404aThe Jewish world :b365 days : from the collections of the Israel Museum, Jerusalem /ceditor, Sharon AvRutick. aNew York :bHarry N. Abrams,c2004. a744 p. :bill. (chiefly col.) ;c17 x 24 cm. aIncludes bibliographical references (p. 739) and index.20aMuzeʼon Yiśraʼel (Jerusalem) 0aJewish art. 0aJudaismxLiturgical objects. 0aJewish art and symbolism. 0aJewsxAntiquities. 0aArtzJerusalem. 0aArt calendars. 0aJewsxHistory.1 aAvRutick, Sharon. 2lcccBOOKS 00102lcc4070aMUCbMUCcTECHd2017-01-28eDonation(BFA)l0oN7414.8.I75 J475 2004p32830r2018-07-13w2017-01-28yBOOKS